Literary Objects Quiz Stats

 Plays Quiz Updated Jun 19, 2019

Score 0/20 Timer 05:00
20 Plays Today
% Correct
Harry Potter
95.4%
The Lord of the Rings
95%
The Lion, the Witch and the Wardrobe
91.3%
The Wonderful Wizard of Oz
90.8%
Green Eggs and Ham
89.9%
Hamlet
88.9%
Charlie and the Chocolate Factory
88.7%
Charlotte's Web
88.7%
The Hunger Games
88.7%
The Phantom of the Opera
85.9%
% Correct
The Da Vinci Code
85.5%
Moby-Dick
84.6%
Adventures of Huckleberry Finn
82.7%
The Scarlet Letter
82.2%
Odyssey
82.1%
Catcher in the Rye
77.3%
Don Quixote
74.8%
Lord of the Flies
68.6%
Treasure Island
54.6%
Oedipus Rex
25.3%

You're not logged in!

Compare scores with friends on all Sporcle quizzes.
OR
Log In

Sporcle TV

Today on Sporcle TV


Watch our educational content, quiz creation guides, and fun videos on Sporcle TV.

Show Comments

Extras

Top Quizzes Today


Score Distribution

Your Account Isn't Verified!

In order to create a playlist on Sporcle, you need to verify the email address you used during registration. Go to your Sporcle Settings to finish the process.

Report this User

Report this user for behavior that violates our Community Guidelines.

Details: